The single path. (Record no. 12598)

000 -LEADER
fixed length control field 00539nam a2200181 a 4500
001 - CONTROL NUMBER
control field :::00010406$&:&@@
003 - CONTROL NUMBER IDENTIFIER
control field OkBaRHE
005 - DATE AND TIME OF LATEST TRANSACTION
control field 20000607103358.0
008 - FIXED-LENGTH DATA ELEMENTS--GENERAL INFORMATION
fixed length control field s1957 j 000 0 eng u
040 ## - CATALOGING SOURCE
Transcribing agency
100 1# - MAIN ENTRY--PERSONAL NAME
Personal name Fifield, Jr., James W. Jr.
245 14 - TITLE STATEMENT
Title The single path.
260 ## - PUBLICATION, DISTRIBUTION, ETC. (IMPRINT)
Place of publication, distribution, etc Carmel, NY., :
Name of publisher, distributor, etc Guideposts Associates, Inc.
Date of publication, distribution, etc c1957
300 ## - PHYSICAL DESCRIPTION
Extent 237 p. ;
Dimensions 22 cm.
650 ## - SUBJECT ADDED ENTRY--TOPICAL TERM
Topical term or geographic name as entry element Christian Life
942 ## - ADDED ENTRY ELEMENTS (KOHA)
Source of classification or shelving scheme
Koha item type Books
Copies
Permanent Location Copy number Barcode Date acquired Price effective from Withdrawn status Not for loan Koha item type Source of classification or shelving scheme Full call number Lost status Date last seen Damaged status Shelving location
RHEMA Bible Training College1104062010-04-142010-04-14  Books BV 4501 .F5 2010-04-14 General Stacks